000 01852nam0a2200433 4500
001 RU\NLR\bibl\121348
005 20250617100909.0
010 _a5-8037-0049-5
_91000
021 _aRU
_b2000-28780
_91361
035 _a(NLR Aleph) 000118841
090 _a676244
_c676244
100 _a20001012d2000 |||y0rusy50 ca
101 1 _arus
_ceng
102 _aRU
105 _aa |||||||||
200 1 _aФейнмановские лекции по гравитации
_fР.П. Фейнман, Ф.Б. Мориниго, У.Г. Вагнер
_gПод ред. Б. Хатфилда
_gПер. с англ. яз. д.ф.-м.н. А.Ф. Захарова
_gВвед. Дж. Прескилла и К.С. Торна
210 _aМ.
_cЯнус-К
_d2000
215 _a296 с.
_cил.
_d21
300 _aЗагл. и авт. ориг.: Feynman Lectures on Gravitation / Richard P. Feynman, Fernando B. Morinigo, William G. Wagner
320 _aБиблиогр.: с. 284-291
320 _aПредм.-имен. указ.: с. 292-296
454 0 _12001#$aFeynman Lectures on Gravitation$fRichard P. Feynman, Fernando B. Morinigo, William G. Wagner
_tFeynman Lectures on Gravitation
606 0 _aГравитация
_91353229
_3RU\NLR\auth\66250780
606 0 _aТяготение
_92109281
_3RU\NLR\auth\661274908
610 0 _aВсемирное тяготение
675 _a530.12:531.51
_v3
_zrus
686 _a29
_2rugasnti
686 _a22.31
_2rubbk
686 _aВ313.3
700 1 _aФейнман
_bР. П.
_gРичард П
_4070
701 1 _aМориниго
_bФ. Б
_gФернандо Б
_4070
701 1 _aВагнер
_bУ. Г
_gУильям Г
_4070
801 0 _aRU
_bRKP
_c20001012
_gPSBO
801 1 _aRU
_bRKP
_c20001012
801 2 _aRU
_bNLR
_c20040203
_grcr
852 _aNLR
_j2000-3/15120
942 _cBOOK
980 _aNB